000 01186cam a22002174a 4500
005 20250605164047.0
008 250528s ||||||||||||||||||||||||d
035 _a17143
020 _a395369053
040 _aGR-AtMCL
_bgre
_dGR-AtMCL
_eAACR2
245 1 _aBusiness Statistics / For Management and Economics: Fifth Edition
250 _a5h
260 _bHoughton Mifflin Company,
_c1989
300 _a1080
520 _aThe Role of Statistics in Decision Making, Organizing and Summarizing Data, Some Elementary Probability Concepts, Some Important Probability Distributions, Some Important Sampling Distributions, Statistical Inference I: Estimation, Statistical Inference II: Hypothesis Testing, Analysis of Variance, Simple Linear Regression and Correlation, Multiple Regression and Correlation, The Chi-Square Distribution and the Analysis of Frequencies, Nonparametric Statistics, Time-Series Analysis and Forecasting, Elementary Survey Sampling, Statistical Decision Theory, Some Statistical Applications in Quality Control, Appendices, Index.
700 1 _aDaniel Wayne W
_93291
700 1 _aTerrell James C
_93292
942 _cBK
999 _c2582
_d2582